Culture G commençant par B - Statistiques

Statistiques générales
  • Ce quiz a été pris 311 fois
  • Le résultat moyen est 15 sur 30
Statistiques - réponses
Questions Réponses % Correct
C'est le 14 Juillet qu'elle à été prise Bastille
97%
Elle ne peut pas vivre sans Ken Barbie
91%
Les rois mages sont Gaspard, Melchior et Balthazar
89%
Présent dans le moteur, ou sur le gâteau d'anniversaire Bougie
89%
Pathologies forçant les gens a manger Boulimie
88%
Cet objet peut te revenir droit dans la tête Boomerang
79%
Chanteur français mort dans un accident d'hélicoptère le 14 Janvier 1986 Daniel Balavoine
75%
Myanmar anciennement Birmanie
72%
Ville très a l'Ouest en France et en Biélorussie Brest
68%
S'il te plait en allemand Bitte
65%
Parole ou écrit injurieux à l'égard de la religion ou d'une personne respectable Blasphème
65%
Joe Di Maggio est l'une des légendes de ce sport Base-Ball
61%
Ancien nom d'Istanbul, Constantinople Byzance
61%
Présentateur de l'émission Koh-Lanta Denis Brogniart
59%
Chanteur dont la voix possède une tessiture moyenne, entre les ténors et les basses Baryton
54%
Pays de Thimphu Bhoutan
51%
Statue indienne connue sous le nom de Siddhartha Gautama Bouddha
50%
Cétacés de l'Océan Arctique Béluga
47%
Un élément du tableau périodique Bismuth / Baryum / Bore/ Béryllium / Berkélium / Bohrium / Brome
47%
Alcool connu comme la crème irlandaise Bailey's
41%
Lady Gaga l'a composé en 2009 Bad Romance
33%
Capitale du Sultanat de Brunei Bandar Seri Begawan
25%
Nom de scène de Bruno Nicolini Bénabar
24%
Plat portugais a base de morue Bacalhau
20%
Gentilé des habitants de la préfecture des Côtes d'Armor Briochins
20%
Aurélie Aubert est championne olympique de Boccia
18%
Ion Polyatomique utilisé pour nettoyer les surfaces Bicarbonate
15%
Formation de cloques à l'intérieur de la gomme d'un pneu Blistering
3%
Entreprise autrichienne en 3 lettres connue pour le traitement de l'eau BWT
3%
Peur du tonnerre et des tempêtes Brontophobie
2%
Aucun quiz correspondant
Distribution des résultats
% des personnes avec chaque résultat
Percentile par nombre de réponses
Votre historique - résultats
Vous n’avez pas pris ce quiz